TV Characters by First Action Quiz Stats

 Plays Quiz Updated Mar 4, 2016

Also try: Opening Scenes
Challenge
Share
Tweet
Embed
Score 0/24 Timer 10:00
1 Play Today
% Correct
Walter White (Breaking Bad)
87.4%
Rachel Green (Friends)
81%
Carrie Bradshaw (Sex and the City)
80.7%
Alicia Florrick (The Good Wife)
79.4%
Carrie Mathison (Homeland)
78%
Jon Snow (Game of Thrones)
77%
Piper Chapman (Orange Is the New Black)
76.8%
Meredith Grey (Grey's Anatomy)
74.5%
Dexter Morgan (Dexter)
73.6%
Mitch Pritchett (Modern Family)
71.5%
Leslie Knope (Parks and Recreation)
70.2%
Annalise Keating (How to Get Away with Murder)
70.1%
% Correct
Fox Mulder (The X-Files)
67.3%
Jack Shephard (Lost)
64.2%
Tony Soprano (The Sopranos)
64.2%
Raymond Reddington (The Blacklist)
57.7%
George Oscar 'Gob' Bluth II (Arrested Development)
56%
Mary Alice Young (Desperate Housewives)
55.2%
Alison DiLaurentis (Pretty Little Liars)
51.8%
Don Draper (Mad Men)
51.5%
Liz Lemon (30 Rock)
49.4%
Rick Grimes (The Walking Dead)
49.2%
Chanel Oberlin (Scream Queens)
48.3%
Frank Underwood (House of Cards)
46%

You're not logged in!

Compare scores with friends on all Sporcle quizzes.
Join for Free
OR
Log In

You Might Also Like...

Show Comments

Extras

Top Quizzes Today


Score Distribution

Your Account Isn't Verified!

In order to create a playlist on Sporcle, you need to verify the email address you used during registration. Go to your Sporcle Settings to finish the process.

Report this User

Report this user for behavior that violates our Community Guidelines.

Details: